000 01032nam a2200253Ia 4500
003 GCL
008 140319s9999 xx 000 0 ara d
020 _a6337714977
040 _aGCL /
_cGCL
082 0 4 _aق
_b953.073
_bع م
100 1 _aعبدالصبور شاهين
245 1 0 _aمصر فى الاسلام :
_bج 1 الدين والنبوة قبل الاسلام - ج 2 القرن الاول الهجرى - ج 3 القرن الثانى الهجرى /
_cعبدالصبور شاهين
700 1 _aاصلاح عبدالسلام الرفاعى
250 _aالاولى
260 _aالقاهرة :
_bنهضة مصر للطباعة والنشر والتوزيع ،
_c2006
300 _a3 مج ؛
_c24 سم
650 0 4 _aالتاريخ الاسلامى
650 0 4 _aفتح مصر
650 0 4 _aالحضارة الاسلامية
650 0 4 _aالقرن الاول الهجرى
650 0 4 _aمصر - تاريخ - العصر الاسلامى
650 0 4 _aالقرن الثانى الهجرى
942 _2ddc
_cBK
999 _c8692
_d8692